• 首页
  • 本馆介绍
  • 公告通知
  • 最新文献
  • 馆藏检索
  • 电子资源
  • 读者导购
  • 参考咨询
  • 我的图书馆
  • 登录
  • 详细信息显示
  • 放入我的书架
  • 预约/预借图书
  • 作者相关作品
  • 分类相关作品
  • 丛书相关作品
  • 出版社相关作品

书目信息

  • 表格格式
  • 工作单格式
  • 卡片格式
题名:
中国美学主潮
    
 
作者: 周来祥 主编
分册:  
出版信息: 济南   山东大学出版社  1992.06
页数: 782页
开本: 32开
丛书名:
单 册:
中图分类: B83-092
科图分类:
主题词: 美学
电子资源:
ISBN: 7-5607-0282-1
000 00553nam0 2200193 45
001 0105161030
005 20031219104049.7
010    @a7-5607-0282-1@dCNY12.00
100    @a20010516d1992 km y0chiy0120 ea
101 0  @achi
105    @a z 000yy
200 1  @a中国美学主潮@AZhong Guo Mei Xue Zhu Chao@f周来祥主编@FZhou Lai Xiang Zhu Bian
210    @a济南@c山东大学出版社@d1992.06
215    @a782页@d32开
606 0  @a美学
690    @aB83-092@v4
701    @a周来祥@4主编
801    @aCN@bTSTC@c20010516
905    @a213230@f5@b297012-016@dB83-092@e137
    
    中国美学主潮/周来祥主编.-济南:山东大学出版社,1992.06
    782页;32开
    
    
    ISBN 7-5607-0282-1:CNY12.00
    
●
相关链接 在E读中查询图书 在五车中查询图书 在当当中查询图书 在豆瓣中查询图书


正题名:中国美学主潮     索取号:B83-092/137         预约/预借

序号 登录号 条形码 馆藏地/架位号 状态 备注
1 0297012   202970124   第一借阅区/ [索取号:B83-092/137] 在馆    
2 0297013   202970133   密集书库/ [索取号:B83-092/137] 在馆    
3 0297014   202970142   第一借阅区/ [索取号:B83-092/137] 在馆    
4 0297015   202970151   密集书库/ [索取号:B83-092/137] 在馆    
5 0297016   202970160   第一样本阅览室/ [索取号:B83-092/137] 在馆    
唐山师范学院图书馆 欢迎您!
大连网信软件有限公司© 版权所有